Statistics for Star Wars Characters

Click here to take the quiz!

General Stats

  • This quiz has been taken 17 times
  • The average score is 26 of 30

Answer Stats

HintAnswer% Correct
Gold DroidC-3PO
100%
Wookie Pal of Person AboveChewbacca
100%
“Never Tell Me The Odds”Han Solo
100%
Daughter of VaderLeia Organa
100%
Son of VaderLuke Skywalker
100%
Also known as BenObi-Wan Kenobi
100%
EmperorPalpatine
100%
Friend of Droid AboveR2-D2
100%
Short, Green JediYoda
100%
Bounty HunterBoba Fett
94%
Tattooed SithDarth Maul
94%
AnakinDarth Vader
94%
Gangster HuttJabba The Hutt
94%
Grandson Of VaderKylo Ren
94%
Purple LightsaberMace Windu
94%
Master Who Taught Obi-WanQui Gon
94%
The Last JediRey
94%
Darth VaderAnakin Skywalker
88%
Cyborg That Controls the Droid ArmyGeneral Grievous
88%
Bounty Hunter’s DadJango Fett
88%
Orange, Clumsy GunganJar Jar Binks
88%
Queen of NabooPadme Amidala
88%
Rolling DroidBB-8
81%
Leader of Cloud CityLando Calrissian
81%
Trap Sensing AdmiralAdmiral Ackbar
75%
Former StormtrooperFinn
75%
Bounty Hunter That was Killed By HanGreedo
69%
Leader of the X-Wing SquadronPoe Dameron
63%
The Man Who Was to Dangerous to LiveCount Dooku
56%
Leader of Death StarGrand Moff Tarkin
44%

Score Distribution

Percentile by Number Answered

Percent of People with Each Score

Your Score History

You have not taken this quiz